| 000 | 00790nam a2200205 i 4500 | ||
|---|---|---|---|
| 001 | 138698 | ||
| 003 | ES-MaACL | ||
| 005 | 20230906195621.0 | ||
| 007 | t| | ||
| 008 | 070214s1970 sp r ||||1| spa d | ||
| 100 | 1 |
_aSantiago-Otero, Horacio. _9103408 |
|
| 245 | 1 | 0 |
_aMiscelánea Manuel Cuervo López _b: homenaje de antiguos alumnos / _cdirige, Horacio Santiago-Otero, Rafael Silva Costoyas. |
| 260 |
_aSalamanca : _b[s. n.], _c1970 ( _eBurgos : _fImp. Aldecoa) |
||
| 300 |
_a574 p., 1 lám. = retr. homenajeado ; _c25 cm. |
||
| 500 | _aTexto en español y una contribución en inglés. | ||
| 700 | 1 |
_aCuervo López, Manuel. _942025 |
|
| 700 | 1 |
_aSantiago-Otero, Horacio. _9103408 |
|
| 700 | 1 |
_aSilva, Rafael, _c(profesor de Teología) _9106383 |
|
| 852 |
_aES-MaACL _jC-41797 _bR.74231 |
||
| 999 |
_c138698 _d138698 |
||